000 02627nam a2200505 c 4500
999 _c28154
_d28154
003 BLK
005 20250507110139.0
008 180407b bul|||||r ||||||| ||bul||
010 _aKNG00030746000
020 _a9544741976
040 _aBLK
041 _aBUL
_cBUL
072 7 _2bullib
_aЛ03
_xСебепознание. Мисловни техники. Психология. Парапсихология
080 _aОраторско изкуство. Красноречие. Дебати. Публични дискусии. Психология на слушателя
_b808.51
_z808.51
080 _aИндивидуална психология. Психология на личността. Индивидуалност. Психология на характера. Характерология. Психологическа типология
_b159.923
_z159.923
100 1 _aКарнеги, Дейл
_eпърви автор
_977181
139 _aКарнеги, Дейл
_bК 41
245 1 0 _aКак да придобием самоувереност и да влияем на другите чрез изкуството да говорим пред публика
_bИзпитани методи за оптимална убедителност
_cДейл Карнеги; прев. Мая Любомирова Калоферова.
257 _aUSA
260 _bКибеа
_c2000
_aСофия
300 _a245 с.
_c20 см
380 _a82
490 _aСерия Познай себе си
_9201222
500 _aОриг. загл. How to Develop Self-confidence Influence People by Public Speaking / Dale Carnegie. - Съдържа и Биогр. данни за авт. - Офс. изд.
650 4 _aОраторско изкуство
_9241886
650 4 _aКултура на речта
_9247578
650 4 _aОбщуване - психология
_9243162
650 4 _aПоведение - популярна литература
_9267090
653 _aораторско изкуство
653 _aреторика
653 _aкултура на речта
653 _aпсихология на личността
653 _aобщуване
653 _aповеденческа психология
659 _aЛ
700 1 _aКалоферова, Мая Любомирова
_eпрев.
_9365796
852 _aЦб 203538
_bЦб
856 4 _qpdf
856 4 _qpdf
942 _cKNG
_n0
_s1
_03
944 _aCR
_c15.01.2003
_lРусанова Ирена
_k30542
944 _aED
_c04.02.2012
_lф /
999 _d28154
999 _d28154